Diccionario moderno Langenscheidt de los idiomas alemán y español. (Record no. 191411)

MARC details
000 -LEADER
campo de control de longitud fija 01242nam a22003371 4500
001 - NÚMERO DE CONTROL
campo de control 191411
003 - IDENTIFICADOR DE NÚMERO DE CONTROL
campo de control SpMaBN
005 - FECHA Y HORA DE LA ÚLTIMA TRANSACCIÓN
campo de control 20240226125146.0
008 - DATOS DE LONGITUD FIJA--INFORMACIÓN GENERAL
campo de control de longitud fija 220922s1973 gw spa
016 7# - NÚMERO DE CONTROL DE UNA AGENCIA BIBLIOGRÁFICA NACIONAL
Número de control del registro bimoBNE20000256373
Número de control cancelado/no válido IND9900837824 [
Fuente SpMaBN]
017 ## - NÚMERO DE COPYRIGHT O DE DEPÓSITO LEGAL
Número de copyright o de depósito legal M 10681-1973
Agencia que asigna Oficina Depósito Legal Madrid
020 ## - NÚMERO INTERNACIONAL ESTÁNDAR DEL LIBRO
Número Internacional Estándar del Libro 84-266-7711-8
035 ## - NÚMERO DE CONTROL DEL SISTEMA
Número de control de sistema (OCoLC)432758454
040 ## - FUENTE DE CATALOGACIÓN
Centro catalogador/agencia de origen SpMaBN
Lengua de catalogación spa
Centro/agencia transcriptor CDM
080 ## - NÚMERO DE LA CLASIFICACIÓN DECIMAL UNIVERSAL
Número de la Clasificación Decimal Universal 803-6=60
080 ## - NÚMERO DE LA CLASIFICACIÓN DECIMAL UNIVERSAL
Número de la Clasificación Decimal Universal 806-3=30
100 1# - ENTRADA PRINCIPAL--NOMBRE DE PERSONA
Nombre de persona Schoen, Th.
Número de control del registro de autoridad o número normalizado XX960745
9 (RLIN) 104607
245 10 - MENCIÓN DEL TÍTULO
Título Diccionario moderno Langenscheidt de los idiomas alemán y español.
250 ## - MENCION DE EDICION
Mención de edición 6ª ed.
260 ## - PUBLICACIÓN, DISTRIBUCIÓN, ETC.
Lugar de publicación, distribución, etc. Berlín :
Nombre del editor, distribuidor, etc. Langenscheidt,
Fecha de publicación, distribución, etc. 1977.
300 ## - DESCRIPCIÓN FÍSICA
Extensión 1024 p. ;
Dimensiones 19 cm.
505 0# - NOTA DE CONTENIDO CON FORMATO
Nota de contenido con formato Primera parte. Español-Alemán / por Th. Schoen y T. Noeli ; refundición por Dr. Hermann Willers [Segunda parte. Alemán-Español / por Fr. Wiske y T. Noeli]
650 07 - PUNTO DE ACCESO ADICIONAL DE MATERIA--TÉRMINO DE MATERIA
Término de materia o nombre geográfico como elemento de entrada Lengua alemana-
Subdivisión de forma Diccionarios-
Subdivisión general Español.
9 (RLIN) 14082
650 07 - PUNTO DE ACCESO ADICIONAL DE MATERIA--TÉRMINO DE MATERIA
Término de materia o nombre geográfico como elemento de entrada Lengua española-
Subdivisión de forma Diccionarios-
Subdivisión general Alemán.
9 (RLIN) 14138
700 1# - ENTRADA AGREGADA--NOMBRE PERSONAL
Nombre de persona Noeli, T.
9 (RLIN) 85831
700 1# - ENTRADA AGREGADA--NOMBRE PERSONAL
Nombre de persona Wiske, Friedrich.
9 (RLIN) 174711
700 1# - ENTRADA AGREGADA--NOMBRE PERSONAL
Nombre de persona Willers, Hermann.
9 (RLIN) 116896
852 ## - LOCALIZACIÓN
Ubicación ES-MaACL
Número de control de estantería A-15247
itemnumber 198611
Ubicación en estantería Depósito 1
Signatura antigua Olim: DIC-L 134.2=112.2 dic
942 ## - ELEMENTOS DE ENTRADA SECUNDARIOS (KOHA)
Fuente del sistema de clasificación o colocación Clasificación decimal universal
Holdings
Estatus retirado Estado de pérdida Fuente del sistema de clasificación o colocación Estado de daño No para préstamo Colección Biblioteca de origen Biblioteca actual Ubicación en estantería Fecha de adquisición Total de préstamos Signatura topográfica completa Código de barras Visto por última vez Precio de reemplazo Tipo de ítem Koha
    Clasificación decimal universal     Colección de referencia Biblioteca del Ateneo de Madrid Biblioteca del Ateneo de Madrid Depósito 1 22/09/2022   A-15247 1203738 23/02/2023 23/02/2023 Libro impreso